Los acuerdos del libre comercio en las Américas: ¿Valen la inversión? /

Збережено в:
Бібліографічні деталі
Автор: Gallagher, Kevin P.
Формат: Текст
Предмети:
Теги: Додати тег
Немає тегів, Будьте першим, хто поставить тег для цього запису!

MARC

LEADER 00000 a a2200000 04500
001 13135
003
040
100 |a Gallagher, Kevin P.  
245 |a Los acuerdos del libre comercio en las Américas:   |b ¿Valen la inversión? /  |c Kevin P. Gallagher 
650 |a TLC  
650 |a INVERSIONES EXTRANJERAS  
650 |a ACUERDOS ECONOMICOS  
650 |a TECNOLOGIA  
650 |a ECONOMIA  
650 |a MEXICO  
773 |g volumen 8, número 5; páginas 14  
999 |c 22515  |d 22515